000 00537nam a2200181Ia 4500
005 20250508154935.0
008 008 250505s9999 xx 000 0 eng d
037 _aBooks to be hide in OPAC
040 _aFEDL
_beng
_cFEDL
041 _aeng
_2eng
084 _a370.1523, THU/O
_qFEDL
100 _aThurston Mildred
_9766429
245 0 _aHelping children live and learn
245 0 _cAssociation for Children Education International
260 _c1952
942 _cHB
_h370.1523, THU/O
999 _c1352996
_d1352996